U.S. States with Democratic Governors - Statistics

General Stats
  • This quiz has been taken 73 times
    55 since last reset
  • The average score is 23 of 24
Answer Stats
Governors Answer % Correct
Gavin Newsom California
100%
J.B. Pritzker Illinois
100%
Gretchen Whitmer Michigan
100%
Tim Walz Minnesota
100%
Kathy Hochul New York
100%
Josh Shapiro Pennsylvania
100%
Katie Hobbs Arizona
97%
Ned Lamont Connecticut
97%
Josh Green Hawaii
97%
Wes Moore Maryland
97%
Maura Healey Massachusetts
97%
Michelle Lujan Grisham New Mexico
97%
Tina Kotek Oregon
97%
Dan McKee Rhode Island
97%
Jay Inslee Washington
97%
John Carney Delaware
95%
Janet Mills Maine
95%
John Bel Edwards Louisiana
92%
Phil Murphy New Jersey
92%
Roy Cooper North Carolina
92%
Tony Evers Wisconsin
92%
JAred Polis Colorado
89%
Laura Kelly Kansas
89%
Andy Beshear Kentucky
89%
No matching quizzes found
Score Distribution
Percent of People with Each Score
Percentile by Number Answered
Your Score History
You have not taken this quiz since the last reset